<?xml version="1.0" encoding="UTF-8"?><?xml-stylesheet type="text/xsl" href="static/style.xsl"?><OAI-PMH xmlns="http://www.openarchives.org/OAI/2.0/" xmlns:xsi="http://www.w3.org/2001/XMLSchema-instance" xsi:schemaLocation="http://www.openarchives.org/OAI/2.0/ http://www.openarchives.org/OAI/2.0/OAI-PMH.xsd"><responseDate>2026-04-14T05:40:29Z</responseDate><request verb="GetRecord" identifier="oai:www.recercat.cat:10256/13769" metadataPrefix="marc">https://recercat.cat/oai/request</request><GetRecord><record><header><identifier>oai:recercat.cat:10256/13769</identifier><datestamp>2024-06-18T12:30:35Z</datestamp><setSpec>com_2072_452955</setSpec><setSpec>com_2072_2054</setSpec><setSpec>col_2072_453072</setSpec></header><metadata><record xmlns="http://www.loc.gov/MARC21/slim" xmlns:dcterms="http://purl.org/dc/terms/" xmlns:xsi="http://www.w3.org/2001/XMLSchema-instance" xmlns:doc="http://www.lyncode.com/xoai" xsi:schemaLocation="http://www.loc.gov/MARC21/slim http://www.loc.gov/standards/marcxml/schema/MARC21slim.xsd">
   <leader>00925njm 22002777a 4500</leader>
   <datafield ind2=" " ind1=" " tag="042">
      <subfield code="a">dc</subfield>
   </datafield>
   <datafield ind2=" " ind1=" " tag="720">
      <subfield code="a">Masferrer Boix, Laura</subfield>
      <subfield code="e">author</subfield>
   </datafield>
   <datafield ind2=" " ind1=" " tag="720">
      <subfield code="a">Caparrós Caparrós, Beatriu</subfield>
      <subfield code="e">author</subfield>
   </datafield>
   <datafield ind2=" " ind1=" " tag="260">
      <subfield code="c">2017-03-20</subfield>
   </datafield>
   <datafield ind2=" " ind1=" " tag="520">
      <subfield code="a">Research has shown that suicide is a phenomenon highly present among the drug dependent population. Different studies have demonstrated an upraised level of comorbidity between personality disorders (PD) and substance use disorders (SUD). This study aimed to describe which PDs are more frequent among those patients with a risk of suicide. Methods: The study was based on a consecutive non-probabilistic convenience sample of 196 bereaved patients attended to in a Public Addiction Center in Girona (Spain). Sociodemographic data, as well as suicide and drug related characteristics were recorded. The risk of suicide was assessed with the Spanish version of “Risk of suicide”. Personality disorders were measured with the Spanish version of Millon Multiaxial Clinical Inventory. Results: The PDs more associated with the presence of risk of suicide were depressive, avoidant, schizotypal and borderline disorders. However, the histrionic, narcissistic and compulsive PDs are inversely associated with risk of suicide even though the narcissistic scale had no statistical correlation. Conclusions: The risk of suicide is a significant factor to take into account related to patients with SUD and especially with the presence of specific PDs. These findings underline the importance of diagnosing and treating rigorously patients with SUD</subfield>
   </datafield>
   <datafield ind1="8" ind2=" " tag="024">
      <subfield code="a">http://hdl.handle.net/10256/13769</subfield>
   </datafield>
   <datafield tag="653" ind2=" " ind1=" ">
      <subfield code="a">Drogoaddictes -- Conducta suïcida</subfield>
   </datafield>
   <datafield tag="653" ind2=" " ind1=" ">
      <subfield code="a">Narcotic addicts -- Suicidal behavior</subfield>
   </datafield>
   <datafield tag="653" ind2=" " ind1=" ">
      <subfield code="a">Trastorns de la personalitat</subfield>
   </datafield>
   <datafield tag="653" ind2=" " ind1=" ">
      <subfield code="a">Personality disorders</subfield>
   </datafield>
   <datafield tag="653" ind2=" " ind1=" ">
      <subfield code="a">Abús de substàncies</subfield>
   </datafield>
   <datafield tag="653" ind2=" " ind1=" ">
      <subfield code="a">Substance abuse</subfield>
   </datafield>
   <datafield ind2="0" ind1="0" tag="245">
      <subfield code="a">Risk of Suicide and Dysfunctional Patterns of Personality among Bereaved Substance Users</subfield>
   </datafield>
</record></metadata></record></GetRecord></OAI-PMH>